Départements les plus pauvres - Statistiques

Statistiques générales
  • Ce quiz a été pris 77 fois
  • Le résultat moyen est 5 sur 10
Statistiques - réponses
Classement Taux de pauvreté Département % Correct
5 27 Seine-Saint-Denis (93)
81%
4 34 Guadeloupe (971)
75%
6 26 Martinique (972)
73%
1 77 Mayotte (976)
73%
2 53 Guyane (973)
71%
3 35 La Réunion (974)
70%
8 20 Haute-Corse (2B)
29%
7 20 Pyrénées-Orientales (66)
21%
9 20 Aude (11)
17%
10 19 Vaucluse (84)
17%
Aucun quiz correspondant
Distribution des résultats
% des personnes avec chaque résultat
Percentile par nombre de réponses
Votre historique - résultats
Vous n’avez pas pris ce quiz